000 01147cam a2200337 a 4500
001 15575240
003 ARRUPE
005 20140121114821.0
008 090105s2009 enk b 001 0deng
010 _a 2008053027
015 _aGBA931139
_2bnb
016 7 _a014938170
_2Uk
020 _a9781847062789 (hc)
020 _a9781847062796 (pbk.)
020 _a1847062784 (hc)
020 _a1847062792 (pbk.)
035 _a(OCoLC)ocn277203987
040 _aDLC
_cDLC
_dBTCTA
_dYDXCP
_dUKM
_dBWKUK
_dBWK
_dBWX
_dVP@
_dDLC
050 0 0 _aB2137
_b.D45 2009
082 0 0 _a194
_222
100 1 _aDelaney, James,
_d1977-
_96736
245 1 0 _aStarting with Rousseau /
_cJames Delaney.
260 _aLondon ;
_aNew York :
_bContinuum,
_cc2009.
300 _ax, 171 p. ;
_c23 cm.
440 0 _aStarting with...
_96737
504 _aIncludes bibliographical references and index.
600 1 0 _aRousseau, Jean-Jacques,
_d1712-1778.
_96738
906 _a7
_bcbc
_corignew
_d1
_eecip
_f20
_gy-gencatlg
942 _2lcc
_cMONOGRAPH
999 _c119590
_d119590